| 000 | 01194nam a2200229Ia 4500 | ||
|---|---|---|---|
| 001 | L235-7490 | ||
| 003 | IT-CnALBA | ||
| 008 | 170116s9999||||xx |||||||||||||| ||und|| | ||
| 040 |
_aIT-CnALBA _cIT-CnALBA |
||
| 041 | _aITALIANO | ||
| 100 | _aLAURENTIN RENÈ | ||
| 245 | 0 | _aCOMPENDIO DI MARIOLOGIA. | |
| 250 | _a2a ed. | ||
| 260 |
_aCINISELLO BALSAMO (MI) _bEDIZIONI PAOLINE _c1957 [1° Ed.: n.d.] |
||
| 300 | _a216 p. (prefazione: 912) | ||
| 500 | _aSVILUPPO DELLA DOTTRINA MARIANA. MARIA NELLA SCRITTURA. NELLA TRADIZIONE. DAL VANGELO DI GIOVANNI AL CONCILIO DI EFESO., ALLA RIFORMA GREGORIANA, AL CONCILIO DI TRENTO, AI TEMPI ATTUALI. MARIA COMPIMENTO DI ISRAELE. MATERNITÀ SPIRITUALE. MARIA E LA REDENZ | ||
| 501 | _aSocietà San Paolo EM - Piazza San Paolo, 14 - 12051 ALBA (CN) (non commercial uses only) ® Copyright 2017 | ||
| 520 | _aSVILUPPO DELLA DOTTRINA MARIANA. MARIA NELLA SCRITTURA. NELLA TRADIZIONE. DAL VANGELO DI GIOVANNI AL CONCILIO DI EFESO., ALLA RIFORMA GREGORIANA, AL CONCILIO DI TRENTO, AI TEMPI ATTUALI. MARIA COMPIMENTO DI ISRAELE. MATERNITÀ SPIRITUALE. MARIA E LA REDENZ | ||
| 650 | _aMARIA SS. ANGELI SANTI DEMONI | ||
| 942 | _cBK | ||
| 957 | _71 | ||
| 999 |
_a8466 _bNO _g Copie: 1 _c266672 _d266672 |
||